000 00211nam a22001097a 4500
999 _c65319
_d65316
082 _a297.3KED
100 _aKedourie
245 _aIslam in the Modern World
260 _aLondon
300 _a332p
942 _cBK